<?xml version="1.0" encoding="UTF-8"?>
<marc:record xmlns:marc="http://www.loc.gov/MARC21/slim">
   <marc:leader>00000nam a2200000 a 4500</marc:leader>
   <marc:datafield ind1="1" ind2=" " tag="100">
      <marc:subfield code="a">Ross, Christopher</marc:subfield>
      <marc:subfield code="4">aut</marc:subfield>
      <marc:subfield code="e">Verfasser/-in</marc:subfield>
   </marc:datafield>
   <marc:datafield ind1="0" ind2="0" tag="245">
      <marc:subfield code="a">Die Tierärztin von Fairbanks - ein neues Leben in Alaska</marc:subfield>
   </marc:datafield>
   <marc:datafield ind1="0" ind2="0" tag="245">
      <marc:subfield code="c">Christopher Ross</marc:subfield>
   </marc:datafield>
   <marc:datafield ind1=" " ind2="1" tag="264">
      <marc:subfield code="a">Berlin</marc:subfield>
      <marc:subfield code="b">Ueberreuter</marc:subfield>
      <marc:subfield code="c">2022</marc:subfield>
   </marc:datafield>
   <marc:datafield ind1=" " ind2=" " tag="250">
      <marc:subfield code="a">1. Auflage</marc:subfield>
   </marc:datafield>
   <marc:datafield ind1="1" ind2=" " tag="520">
      <marc:subfield code="a">Leidenschaft und Liebe vor der unberührten Schönheit Alaskas &lt;br/&gt;Die junge Alex hat gerade ihre Ausbildung zur Tierärztin abgeschlossen, als ihre Eltern ums Leben kommen. Ihr Wunsch nach einem Neuanfang scheint erfüllt, als sie beschließt nach Alaska zu ziehen. Doch der Start ist schwieriger als gedacht: Sie muss nicht nur ihren Flugschein für ein Buschflugzeug absolvieren und einen geeigneten Ort für ihre Praxis finden, sondern sich auch gegen die Konkurrenz vor Ort durchsetzen. Unterstützung bekommt sie dabei vom geheimnisvollen Werkstattmitarbeiter Kenny und dem Huskywelpen Muffin  &lt;br/&gt;Die neue Reihe von Christopher Ross über Wildtiere und Romantik in Alaska: eine selbstbewusste Heldin trifft auf einen Mann voller Geheimnisse!</marc:subfield>
   </marc:datafield>
   <marc:datafield ind1=" " ind2=" " tag="020">
      <marc:subfield code="a">9783764171339</marc:subfield>
      <marc:subfield code="9">9783764171339</marc:subfield>
   </marc:datafield>
   <marc:datafield ind1=" " ind2=" " tag="041">
      <marc:subfield code="a">ger</marc:subfield>
   </marc:datafield>
   <marc:datafield ind1="1" ind2=" " tag="521">
      <marc:subfield code="a">0</marc:subfield>
   </marc:datafield>
   <marc:datafield ind1=" " ind2=" " tag="300">
      <marc:subfield code="a">254 Seiten</marc:subfield>
   </marc:datafield>
</marc:record>
